Pohľady na ekonomiku Slovenska 2018 zborník príspevkov
Guardado en:
| Autores Corporativos: | , , |
|---|---|
| Otros Autores: | , |
| Formato: | Libro |
| Lenguaje: | eslovaco |
| Publicado: |
Bratislava
Slovenská štatistická a demografická spoločnosť
2018
|
| Edición: | 1. vydanie |
| Materias: | |
| Etiquetas: |
Sin Etiquetas, Sea el primero en etiquetar este registro!
|
MARC
| LEADER | 00000nam a2200000 4500 | ||
|---|---|---|---|
| 001 | 0245544 | ||
| 005 | 20230109072754.8 | ||
| 020 | |a 978-80-88946-81-6 | ||
| 041 | 0 | |a slo | |
| 044 | |a SK | ||
| 245 | 1 | 0 | |a Pohľady na ekonomiku Slovenska 2018 |b zborník príspevkov |c editori: Iveta Stankovičová, František Bernadič |
| 250 | |a 1. vydanie | ||
| 264 | 1 | |a Bratislava |b Slovenská štatistická a demografická spoločnosť |c 2018 | |
| 300 | |a 44 s. | ||
| 500 | |a Zdroj dokumentu: Štatistický úrad SR. | ||
| 610 | 2 | 0 | |a výkonnosť ekonomiky |
| 610 | 2 | 0 | |a vývoj hospodársky |
| 610 | 2 | 0 | |a história |
| 610 | 2 | 0 | |a produkt domáci hrubý |
| 610 | 2 | 0 | |a štatistika |
| 610 | 2 | 0 | |a Československo |
| 610 | 2 | 0 | |a Slovensko |
| 700 | 1 | |a Stankovičová, Iveta | |
| 700 | 1 | |a Bernadič, František | |
| 110 | 2 | |a Pohľady na ekonomiku Slovenska 2018. Konferencia | |
| 710 | 2 | |a Štatistický úrad Slovenskej republiky | |
| 710 | 2 | |a Slovenská akadémia vied | |